| 000 | 00546nam a22001937a 4500 | ||
|---|---|---|---|
| 003 | KOHA_MİRAKIL | ||
| 005 | 20250929122501.0 | ||
| 008 | 250929b tu ||||| |||| 00| 0 tur d | ||
| 020 | _a9755333452 | ||
| 040 |
_aTR-AnABB _btur _cTR-AnABB |
||
| 041 | _atur | ||
| 082 |
_a853.914 _bFUS 2002 |
||
| 100 | 1 | _aFusini, Nadia, | |
| 245 | 1 | 0 |
_aHerşeyden çok ağzını severdim / _cNadia Fusini |
| 260 |
_aAnkara : _bOfset Matbaacılık, _c2002 |
||
| 300 |
_a152 sayfa ; _c20 cm |
||
| 650 | 0 | 4 | _aİtalya edebiyatı, roman |
| 942 |
_2ddc _cBK |
||
| 999 |
_c8969 _d8969 |
||
| 900 | _bGizem YORULMAZ | ||